[Event "AUTO-INT-1876"]
[Site "http://www.queenalice.com/game.php?id=860536"]
[Date "2010.11.18"]
[Round "1"]
[White "patropi"]
[Black "Romerflu"]
[Result "0-1"]
[WhiteElo "1452"]
[BlackElo "1465"]

1. e4 e5 2. Nf3 d6 3. c3 b5 4. d4 Bg4 5. Bd3 a6 6. d5 h6 7. O-O Nf6 8. Be3 Be7
9. Nbd2 Nbd7 10. a4 bxa4 11. Rxa4 O-O 12. Bxa6 Nb6 13. Bxb6 cxb6 14. Bb5 Rxa4
15. Bxa4 Bxf3 16. Qxf3 Qa8 17. Bc6 Qa2 18. Nc4 Qxc4 19. Ra1 Nxe4 20. Qg4 Nd2 0-1

[Event "AUTO-INT-1876"]
[Site "http://www.queenalice.com/game.php?id=860537"]
[Date "2010.11.18"]
[Round "1"]
[White "Romerflu"]
[Black "patropi"]
[Result "1-0"]
[WhiteElo "1457"]
[BlackElo "1424"]

1. e4 e5 2. Nf3 d6 3. b3 c5 4. Bb5+ Nc6 5. Nc3 f5 6. d3 fxe4 7. dxe4 Be7 8. Bg5
Nf6 9. Bxf6 Bxf6 10. Nd5 O-O 11. O-O a6 12. Bxc6 bxc6 13. Nxf6+ Rxf6 14. a4 d5
15. Nxe5 d4 16. f3 Qe8 17. Nc4 Be6 18. Nd6 Qd8 19. Nb7 Qc7 20. Nxc5 1-0

[Event "AUTO-INT-1876"]
[Site "http://www.queenalice.com/game.php?id=860538"]
[Date "2010.11.18"]
[Round "1"]
[White "patropi"]
[Black "Putamen19"]
[Result "1-0"]
[WhiteElo "1445"]
[BlackElo "1634"]

1. e4 e5 2. Nf3 Nc6 3. c4 Nf6 4. Nc3 Bc5 5. h3 O-O 6. d3 d6 7. Be3 Bxe3 8. fxe3
Be6 9. d4 exd4 10. exd4 Na5 11. b3 c6 12. Be2 d5 13. cxd5 cxd5 14. e5 Nh5 15.
Qc2 Nf4 16. Bb5 Bd7 17. a4 Bxb5 18. Nxb5 Qe7 19. O-O Rac8 20. Qd2 Nxb3 21. Qb2
Nxa1 22. Qxa1 Qd7 23. Nd6 Rc2 24. Ne1 Qc7 25. Nxc2 Qxc2 26. Rxf4 1-0

[Event "AUTO-INT-1876"]
[Site "http://www.queenalice.com/game.php?id=860539"]
[Date "2010.11.18"]
[Round "1"]
[White "Putamen19"]
[Black "patropi"]
[Result "1-0"]
[WhiteElo "1609"]
[BlackElo "1409"]

1. e4 e5 2. Nf3 Nc6 3. Bb5 a6 4. Bxc6 bxc6 5. O-O f6 6. c3 d5 7. exd5 cxd5 8. d4
c5 9. Be3 Qb6 10. Qd2 Bd6 11. dxe5 fxe5 12. Qxd5 Bb7 13. Qe6+ Ne7 14. Nbd2 Qxb2
15. Qxd6 Qxc3 16. Bg5 Nd5 17. Qxe5+ Qxe5 18. Nxe5 Rd8 19. Bxd8 Kxd8 20. Nf7+ Ke8
21. Nxh8 Nc3 22. Rfe1+ Kd7 23. Nf7 Nd5 24. Nc4 Nf4 25. Rad1+ Kc6 26. Nd8+ Kc7
27. Re7+ Kc8 28. Nxb7 Ne2+ 29. Kf1 Nc3 30. Rd8# 1-0

[Event "AUTO-INT-2726"]
[Site "http://www.queenalice.com/game.php?id=1219809"]
[Date "2013.9.25"]
[Round "1"]
[White "Ricardoabreu"]
[Black "patropi"]
[Result "0-1"]
[WhiteElo "1548"]
[BlackElo "1477"]

1. b3 e5 2. Bb2 Nc6 3. g3 e4 4. Bg2 d5 5. e3 Nf6 6. Nc3 a6 7. d3 Bg4 8. f3 Bc5
9. d4 exf3 10. Bxf3 Qe7 11. dxc5 Qxe3+ 12. Qe2 d4 13. Nd1 Qxe2+ 14. Bxe2 O-O 15.
Bxg4 Nxg4 16. Bxd4 Nxd4 17. Kd2 Rad8 18. Kc3 Nb5+ 19. Kb2 Rfe8 20. Nc3 Nf2 21.
Nf3 Nxh1 22. Rxh1 Re3 23. Ng5 Nxc3 24. Rf1 Nd1+ 25. Kc1 Nc3 26. Rxf7 h6 27. Rxc7
hxg5 28. Rxb7 Nxa2+ 29. Kb2 Nc3 30. Rb6 Nd1+ 31. Kc1 Re2 32. Rxa6 Rdd2 33. Ra8+
Kf7 34. Ra7+ Kg6 35. Ra6+ Kh5 0-1

[Event "AUTO-INT-2726"]
[Site "http://www.queenalice.com/game.php?id=1219810"]
[Date "2013.9.25"]
[Round "1"]
[White "patropi"]
[Black "Ricardoabreu"]
[Result "0-1"]
[WhiteElo "1423"]
[BlackElo "1437"]

1. Nf3 b6 2. e4 Bb7 3. Nc3 e6 4. e5 g6 5. d4 Bh6 6. Bd3 Bxc1 7. Qxc1 Nc6 8. O-O
Qe7 9. Nb5 Qd8 10. Qg5 Qxg5 11. Nxg5 Rc8 12. Rfe1 a6 13. Nc3 Nge7 14. Nce4 Nxd4
15. Nf6+ Kf8 16. Ngxh7+ Kg7 17. Ng5 Bc6 18. c3 Ndf5 19. Bxa6 d6 20. Bxc8 Nxc8
21. Rad1 dxe5 22. Ng4 Rh5 23. Ne4 Bxe4 24. Rxe4 Ncd6 25. Rxe5 Rg5 26. h3 Nc4 27.
Re2 Nh4 28. f4 Rf5 29. g3 Nf3+ 30. Kf2 Nfd2 31. b3 Ne4+ 32. Rxe4 Nb2 33. Rd7 c5
34. Ne3 Rh5 35. h4 b5 36. Ng2 Rh8 37. g4 c4 38. b4 Nd3+ 39. Ke3 Ne1 40. Nxe1
Rxh4 41. g5 Rh3+ 42. Kd4 Rh1 43. Nc2 Rh2 44. Na3 Rd2+ 45. Kc5 Rxd7 46. Nxb5 Rd2
47. a3 Rd5+ 48. Kxc4 Kf8 49. Nc7 Rd7 0-1

[Event "AUTO-INT-2730"]
[Site "http://www.queenalice.com/game.php?id=1221046"]
[Date "2013.9.30"]
[Round "1"]
[White "patropi"]
[Black "SunKite"]
[Result "0-1"]
[WhiteElo "1432"]
[BlackElo "1597"]

1. g3 e5 2. f4 f6 3. e4 Nc6 4. d4 Nxd4 5. c3 Nc6 6. Nf3 a6 7. a4 h5 8. f5 Nce7
9. Bc4 Nh6 10. O-O Ng4 11. b4 c6 12. a5 b5 13. axb6 Qxb6+ 14. Kg2 g5 15. fxg6
Nxg6 16. Ng5 fxg5 0-1

[Event "AUTO-INT-2730"]
[Site "http://www.queenalice.com/game.php?id=1221047"]
[Date "2013.9.30"]
[Round "1"]
[White "SunKite"]
[Black "patropi"]
[Result "1-0"]
[WhiteElo "1587"]
[BlackElo "1442"]

1. e4 e5 2. Qf3 d6 3. Bc4 Nh6 4. d3 Bg4 5. Qe3 f5 6. h3 f4 7. Qd2 Qh4 8. g3 Qh5
9. gxf4 Bf3 10. Rh2 Ng4 11. hxg4 Qxh2 12. Nxf3 Qh1+ 13. Ke2 h5 14. gxh5 Rxh5 15.
Be6 Nd7 16. b4 1-0

[Event "AUTO-INT-2753"]
[Site "http://www.queenalice.com/game.php?id=1230114"]
[Date "2013.11.5"]
[Round "1"]
[White "Ruusgugg"]
[Black "patropi"]
[Result "0-1"]
[WhiteElo "1387"]
[BlackElo "1464"]

1. b3 e5 2. c4 Nf6 3. g3 Bd6 4. Bg2 O-O 5. h4 Ng4 6. Bh3 h5 7. f3 f5 8. Nc3 e4
9. fxe4 Bxg3+ 10. Kf1 fxe4+ 11. Kg2 Qxh4 12. Nf3 exf3+ 13. Kg1 Qe7 14. Nd5 Qxe2
15. Qxe2 fxe2 16. Bb2 Nc6 17. Rc1 d6 18. Kg2 Bh4 19. b4 Bd7 20. c5 Nf2 21. Bxd7
Nxh1 22. Rxh1 Bf2 23. Rxh5 e1=Q 24. Nxc7 Qg1+ 25. Kh3 Rf3# 0-1

[Event "AUTO-INT-2753"]
[Site "http://www.queenalice.com/game.php?id=1230115"]
[Date "2013.11.5"]
[Round "1"]
[White "patropi"]
[Black "Ruusgugg"]
[Result "0-1"]
[WhiteElo "1461"]
[BlackElo "1387"]

1. e4 e6 2. c4 c5 3. Nc3 b6 4. Nf3 Nc6 5. d3 a5 6. e5 g6 7. Nb5 Bg7 8. Nd6+ Kf8
9. Ng5 Qe7 10. Ngxf7 Nxe5 11. Nxh8 Qxd6 12. f4 Nc6 13. g3 Bxh8 14. h4 Nb4 15. a3
Nc6 16. Qb3 Nd4 17. Qc3 Qc6 18. Rh2 Nf3+ 19. Kd1 Nxh2 20. Qxh8 Qf3+ 21. Be2 Qxg3
22. Qxh7 d5 23. h5 Nf6 24. Qxg6 Nfg4 25. h6 Ne3+ 26. Kd2 Nhf1+ 27. Kc3 Qxg6 28.
b4 cxb4+ 29. axb4 Qf6+ 30. d4 Nxc4 31. h7 Ng3 32. Bg4 Qg7 33. Bf3 Qxh7 0-1

[Event "AUTO-INT-2753"]
[Site "http://www.queenalice.com/game.php?id=1230128"]
[Date "2013.11.5"]
[Round "1"]
[White "patropi"]
[Black "Leovitor"]
[Result "0-1"]
[WhiteElo "1480"]
[BlackElo "1504"]

1. e4 e6 2. c4 d5 3. cxd5 exd5 4. Qe2 dxe4 5. Qxe4+ Qe7 6. Nc3 Qxe4+ 7. Nxe4 Bf5
8. Bb5+ Nd7 9. Nc5 Bxc5 10. Nf3 Nf6 11. d4 Bb4+ 12. Bd2 Be7 13. O-O O-O 14. Rfe1
Rfe8 15. a4 c6 16. Bc4 Bd6 17. Nh4 Rxe1+ 18. Rxe1 Bg6 19. Nf3 h6 20. b4 Re8 21.
Rxe8+ Nxe8 22. d5 cxd5 23. Bxd5 b6 24. Nh4 Bh7 25. Bc6 Nef6 26. h3 Ne5 27. g4
Nxc6 28. b5 Ne5 29. f4 Nc4 30. Bc3 Bxf4 31. Nf5 Bxf5 32. gxf5 Be5 33. Bb4 Nd5
34. Be1 g6 35. fxg6 fxg6 0-1

[Event "AUTO-INT-2753"]
[Site "http://www.queenalice.com/game.php?id=1230129"]
[Date "2013.11.5"]
[Round "1"]
[White "Leovitor"]
[Black "patropi"]
[Result "1-0"]
[WhiteElo "1492"]
[BlackElo "1496"]

1. e4 e5 2. Nf3 Bd6 3. Bc4 Nh6 4. O-O g6 5. c3 f5 6. d3 f4 7. d4 Qe7 8. Nbd2
exd4 9. cxd4 Bb4 10. a3 Ba5 11. b4 Bb6 12. Re1 c6 13. Nb3 d5 14. exd5 Nf5 15.
Rxe7+ Nxe7 16. dxc6 Nbxc6 17. Bxf4 Bf5 18. Bb5 a6 19. Bxc6+ bxc6 20. Qe2 Ra7 21.
Re1 O-O 22. Bd6 Bd8 23. Bxe7 Rxe7 24. Qxa6 Rfe8 25. Rxe7 Rxe7 26. Qc4+ Re6 27.
a4 Kf7 28. Nc5 Ke7 29. Nxe6 Bxe6 30. Qxc6 h5 31. a5 Bd7 32. Qe4+ Kd6 33. Qxg6+
Be6 34. Qxh5 1-0